00237nam a2200085Ia 4500008004100000041000800041100001500049245004700064260004000111230508s2009 xx 000 0 und d aeng aBAIKOW V E aMANUFACTURE AND REFINING OF RAW CANE SUGAR bELSEVIE SCIENTIFIC PUB.c2009g1982